| 000 | 00000nas 2200000zi 4500 |
| 001 | 9.921877 |
| 003 | CaOODSP |
| 005 | 20230915111801 |
| 006 | m o d f |
| 007 | cr ||||||||||| |
| 008 | 230421d19921997oncar p os f0###b0fre|d |
| 040 | |aCaOODSP|bfre|erda|cCaOODSP |
| 043 | |an-cn--- |
| 086 | 1 |aId51-2F-PDF |
| 245 | 00|aDonnées socio-économiques sur le Canada. |
| 264 | 1|a[Ottawa] : |b[Investment Canada], |c1992-1997. |
| 310 | |aAnnuel |
| 336 | |atexte|btxt|2rdacontent/fre |
| 337 | |ainformatique|bc|2rdamedia/fre |
| 338 | |aressource en ligne|bcr|2rdacarrier/fre |
| 362 | 1 |aParaît depuis 1992, ne paraît plus après 1997. |
| 500 | |aPublié aussi en anglais sous le titre : Canada business facts. |
| 500 | |aTitre pris sur le couverture. |
| 500 | |aÉdition numérisée de l'imprimé [par Innovation, Sciences et Développement économique Canada]. |
| 588 | |aDescription d'après : 1992. |
| 588 | |aDernière livraison consultée : 1993. |
| 650 | 6|aInvestissements|zCanada|vStatistiques|vPériodiques. |
| 650 | 6|aStatistiques industrielles|zCanada|vPériodiques. |
| 650 | 6|aIndicateurs sociaux|zCanada|vPériodiques. |
| 651 | 6|aCanada|xConditions économiques|vStatistiques|vPériodiques. |
| 651 | 6|aCanada|xCommerce|vStatistiques|vPériodiques. |
| 655 | 7|aPériodiques|2rvmgf |
| 710 | 2 |aInvestissement Canada, |eorganisme de publication. |
| 775 | 08|tCanada business facts.|w(CaOODSP)9.921878 |